000
00279nam a22001217a 4500
008
180606b xxu||||| |||| 00| 0 eng d
041
_a
eng
080
_a
043.3
100
_a
0
101
_a
SHKI-MA
245
_a
Improvements of a Plastering Machine
_c
Ademi, B
942
_2
udc
_c
BK
999
_c
46426
_d
46426